000 00439cam a22001337a 4500
008 180718b1973 xxu||||| |||| 00| 0 eng d
082 _aYx59 C769
100 _aConway, Gordon
245 _aEcology and resource development in Southeast Asia
_cby Gordon Conway and Jeff Romm,
260 _aBangkok
_bFord Foundation, Office for Southeast Asia
_c1973
300 _a82p.
650 _aNatural Resources - Southeast Asia
700 _aRomm, Jeff
999 _c476699
_d476699